To be a princess (barbie) - lyrics - Statistics

General Stats
  • This quiz has been taken 67 times
  • The average score is 167 of 301
Answer Stats
Answer % Correct
A
100%
Be
100%
I
100%
Princess
100%
To
100%
Is
97%
Know
90%
Shoes
90%
Spoon
87%
Use
84%
Which
84%
Of
77%
Pairs
77%
Thousand
77%
You
77%
Never
71%
(Never
71%
The
71%
Your
71%
Always
65%
And
61%
(And
61%
Best
61%
Do
55%
Ever
55%
(Ever
55%
Fall
52%
Fall)
52%
In
52%
Look
52%
On
52%
All
45%
Amused
45%
Head
45%
Leave
45%
Smile
45%
Bed
42%
Confused
42%
For
42%
Plate
42%
See
42%
Wear
42%
When
42%
Yet
42%
Dont
39%
Don't
39%
Must
39%
People
39%
Plié
39%
She
39%
Wave
39%
Back
35%
Back)
35%
Beautiful
35%
Behave
35%
Bloom
35%
Brightly
35%
But
35%
Call)
35%
Charming
35%
Day
35%
Eyes
35%
Glide
35%
Has
35%
Just
35%
Now
35%
One
35%
Parsley
35%
Politely
35%
Room
35%
Show
35%
There
35%
Close
32%
Every
32%
From
32%
Get
32%
Like
32%
Regal
32%
Rest
32%
Rise
32%
Rose
32%
Sit
32%
Spirits
32%
That's
32%
There's
32%
Thing
32%
Through
32%
Walks
32%
Way
32%
At
29%
Chemistry
29%
Chin
29%
Doors
29%
Extra
29%
Forever
29%
Gloves
29%
Grows
29%
How
29%
Learn
29%
Lip
29%
Make
29%
Nod
29%
Play
29%
Protocol
29%
She's
29%
Side
29%
Sing
29%
Sleep
29%
Stray
29%
Turn
29%
Upper
29%
Words
29%
Arch
26%
Crack
26%
Crack)
26%
Everything
26%
Gait
26%
Grip
26%
Keep
26%
Loss
26%
Mattress
26%
Pinky
26%
Shoulders
26%
Speak
26%
Squirm
26%
Stiff
26%
Thirds
26%
Tummy
26%
Will
26%
Above
23%
Detached
23%
Feel
23%
Firm
23%
Gently
23%
Harmonize
23%
Inside
23%
Life
23%
Lift
23%
Lightly
23%
Place
23%
Slowly
23%
Stepping
23%
Take
23%
Bend
19%
Bring
19%
Clever
19%
Count
19%
Dismay
19%
Harpsichord
19%
Lord
19%
Lullabies
19%
Portrait
19%
Royal
19%
Time
19%
Whatever
19%
Breathing
16%
Dainty
16%
Out
16%
Prepared
16%
Sip
16%
Curtsey
13%
Mantain
13%
No matching quizzes found
Score Distribution
Percent of People with Each Score
Percentile by Number Answered
Your Score History
You have not taken this quiz